Bytový dom

Salvato in:
Dettagli Bibliografici
Autore principale: Čačala, Matej (Autore)
Altri autori: Ďubek, Silvia (Relatore della tesi)
Natura: Manoscritto Libro
Lingua:slovacco
Pubblicazione: 2024
Soggetti:
Accesso online:http://is.stuba.sk/zp/portal_zp.pl?podrobnosti=167593
https://opac.crzp.sk/?fn=detailBiblioForm&sid=E453B9399FE150D68836B5992C29
Tags: Aggiungi Tag
Nessun Tag, puoi essere il primo ad aggiungerne!!

MARC

LEADER 00000ntm a22000003a 4500
001 stuzp99167
003 SK-STU
005 20240917142423.2
007 ta
008 150427s2015----xo-----f-mn---000-0-slo-d
040 |a STU  |b slo 
041 0 |a slo 
100 1 |a Čačala, Matej  |u 010270  |4 aut  |U SvF Stavebná fakulta  |T SvF Katedra technológie stavieb  |X 114975  |U V270  |Y 28  |7 114975 
242 0 1 |a Apartment House  |y eng 
245 1 0 |a Bytový dom 
260 |c 2024 
650 4 |a debnenie zvislých konštrukcií  |2 slo 
650 4 |a bytový dom  |2 slo 
650 4 |a projekt organizácie výstavby  |2 slo 
650 4 |a formwork of vertical structures  |2 eng 
650 4 |a residential building  |2 eng 
650 4 |a project of construction organisation  |2 eng 
700 1 |a Ďubek, Silvia  |u 010270  |k Z1  |4 ths  |U SvF Stavebná fakulta  |T SvF Katedra technológie stavieb  |X 49683  |U V270  |Y 28  |7 A000049683 
856 4 |u http://is.stuba.sk/zp/portal_zp.pl?podrobnosti=167593 
856 4 |u https://opac.crzp.sk/?fn=detailBiblioForm&sid=E453B9399FE150D68836B5992C29